00885nam a2200241Ia 4500008004100000020001800041040001800059041000800077245013800085260004100223300001800264490002200282600006600304600005500370600005500425650000700480650002400487650001600511700004100527700001900568700001900587765003700606130821s2009 sp gr spa  a9788449322693 aCo-BoUCMbspa00aspa00aCarta al Papa consideraciones sobre la fecJürgen Habermas, Michael Reder y Josef Schmidt ; traducción Bernardo Moreno Carrillo. aBarcelona (España)bPaidósc2009 a266 páginas03aEl Arco de Ulises14aHabermas, Jürgend1929-xCrítica e interpretación, etc.14aReder, MichaelxCrítica e interpretación, etc.14aSchmidt, JosefxCrítica e interpretación, etc.04aFe04aFilosofía alemana04aFilosofía1 aMoreno Carillo, Bernardoetraductor.1 aReder, Michael1 aSchmidt, Josef1 tEin BewuBtsein von dem, was fehl